Filmographie de Margot Robbie - Statistiques

Statistiques générales
  • Ce quiz a été pris 62 fois
    12 depuis la dernière actualisation
  • Le résultat moyen est 14 sur 48
Statistiques - réponses
Hint Réponse % Correct
Longs-métrages 2023 Barbie
100%
Production - Cinéma 2023 Barbie
100%
Longs-métrages 2013 Le Loup de Wall Street
78%
Longs-métrages 2021 The Suicide Squad
78%
Longs-métrages 2022 Babylon
67%
Longs-métrages 2026 Hurlevent (Wuthering Heights)
67%
Longs-métrages 2016 Suicide Squad
67%
Longs-métrages 2019 Once Upon a Time… in Hollywood
56%
Longs-métrages 2020 Birds of Prey
44%
Production - Cinéma 2020 Birds of Prey
44%
Longs-métrages 2025 A Big Bold Beautiful Journey
33%
Longs-métrages 2025 A Big Bold Beautiful Journey
33%
Longs-métrages 2013 Il était temps
33%
Longs-métrages 2017 Moi, Tonya
33%
Production - Cinéma 2017 Moi, Tonya
33%
Doublage 2018 Pierre Lapin
33%
Doublage 2021 Pierre Lapin 2 : Panique en ville
33%
Longs-métrages 2016 Tarzan
33%
Caméo 2015 The Big Short : Le Casse du siècle
33%
Longs-métrages 2022 Amsterdam
22%
Longs-métrages 2023 Asteroid City
22%
Longs-métrages 2015 Diversion
22%
Longs-métrages 2015 Les Survivants
22%
Longs-métrages 2018 Marie Stuart, reine d'Écosse
22%
Télévision 2011-2012 Pan Am
22%
Production - Cinéma 2020 Promising Young Woman
22%
Production - Cinéma 2023 Saltburn
22%
Longs-métrages 2019 Scandale
22%
Longs-métrages 2018 Terminal
22%
Production - Cinéma 2018 Terminal
22%
Production - Télévision 2022 Mike
11%
Télévision 2019 Dollface
11%
Production - Télévision 2019-2022 Dollface
11%
Longs-métrages 2019 Dreamland
11%
Production - Cinéma 2019 Dreamland
11%
Longs-métrages 2017 Goodbye Christopher Robin
11%
Longs-métrages 2009 I.C.U.
11%
Télévision 2008-2011 Les Voisins
11%
Production - Télévision 2021 Maid
11%
Longs-métrages 2015 Suite française
11%
Longs-métrages 2008 Vigilante
11%
Longs-métrages 2016 Whiskey Tango Foxtrot
11%
Télévision 2008 City Homicide : L'Enfer du crime
0%
Doublage 2018 Les Sœurs de Pierre
0%
Caméo 2018 Massacre au pensionnat
0%
Télévision 2008 Review with Myles Barlow
0%
Production - Télévision 2025 Sirens
0%
Télévision 2008 Son Altesse Alex
0%
Aucun quiz correspondant
Distribution des résultats
% des personnes avec chaque résultat
Percentile par nombre de réponses
Votre historique - résultats
Vous n’avez pas pris ce quiz depuis la dernière actualisation